[Event "15th Avicenna Open Masters 2018"]
[Site "Avicenna"]
[Date "2018.08.23"]
[Round "8"]
[White "Moradi, Amirmasoud"]
[Black "Asgarizadeh, Ahmad"]
[Result "0-1"]
[WhiteElo "2259"]
[BlackElo "2416"]
[Annotator "TA"]
[PlyCount "104"]
[EventDate "2018.08.17"]
[EventType "swiss"]
[EventCountry "IRI"]
[SourceTitle "playchess.com"]
[Source "ChessBase"]
[SourceQuality "1"]

{[%evp 12,104,45,0,0,-4,6,6,6,6,6,6,6,6,6,6,8,0,21,14,31,-15,-22,-41,-42,-49,32,-27,-23,-90,-93,-89,-86,-91,-92,-89,-83,-80,-57,-72,-63,-52,-53,-113,-97,-150,-99,-220,-164,-162,-128,-154,-150,-241,-241,-241,-234,-247,-254,-254,-254,-247,-247,-241,-231,-295,-293,-315,-260,-260,-245,-426,-426,-445,-438,-371,-197,-609,-599,-484,-485,-482,-474,-474,-474,-443,-445,-504,-452,-6102,-5073,-29980,-29978,-29965,-5257]} 1. d4 d5 2. c4 e6 3. Nf3 Nf6 4. Nc3 Bb4 5. Bg5 h6 6. Bxf6 Qxf6 7. Qc2 {LiveBook: 3 Games. D38: Queen's Gambit Declined: Ragozin Defence (4 Nf3 Bb4)} (7. e3 O-O 8. Rc1 dxc4 9. Bxc4 c5 10. dxc5 Nd7 11. O-O Nxc5 12. Nb5 a6 13. Nbd4 b5 14. Be2 e5 15. Nc2 Rd8 16. Nxb4 Rxd1 17. Rfxd1 {1-0 (64) Carlsen,M (2842)-Navara,D (2741) Biel 2018}) 7... c5 8. e3 cxd4 9. Nxd4 {The position is equal.} Nc6 10. Rd1 O-O 11. cxd5 $146 ({Predecessor:} 11. Be2 dxc4 12. O-O Nxd4 13. Rxd4 Bxc3 14. Qxc3 {½-½ (97) Kulkarni,R (2232)-Nayak,B (2023) Chakradharpur 2009}) 11... exd5 12. Be2 Be6 13. O-O Rac8 14. Qa4 {[#] aiming for Nxc6.} Bd6 15. Bf3 Rfd8 16. Ncb5 Be5 17. Nxc6 bxc6 18. Nd4 Bb8 (18... Bd7 $1 $15 19. Qa5 Bc7) 19. b4 ({White should try} 19. Nxe6 $14 Qxe6 20. b4) 19... Bd7 $11 20. Qc2 (20. Qa5 $11) 20... Qd6 $17 {[%csl Gb8][%cal Rd6h2]} 21. g3 Qxb4 22. Nb3 Bh3 23. Rd4 Qe7 24. Rc1 Be5 (24... Bd6 {seems wilder.} 25. Ra4 Rc7 26. Ra6 Bd7 27. Nd4 Rdc8) 25. Rh4 Be6 26. Nc5 Qf6 27. Bg2 (27. Bg4 $15) 27... Bf5 28. Qa4 ({White should play} 28. Qe2) 28... d4 (28... Bb2 $142 29. Rd1 Rb8) 29. exd4 (29. e4 $17 {might work better.} g5 30. Rxh6 Qxh6 31. exf5) 29... Rxd4 30. Rxd4 Bxd4 31. Nb3 Bb6 32. Rxc6 (32. Qf4 $17) 32... Rxc6 $19 33. Qxc6 Qb2 34. Qf3 Be4 $40 {[%mdl 128] Black has strong attack.} ({But not} 34... Qb1+ 35. Bf1) 35. Qf4 {[#]} Bxg2 $1 36. Kxg2 Qxa2 37. Nd2 Qd5+ 38. Nf3 a5 39. Qa4 Qf5 40. Qc6 Bc5 41. Qb5 $2 (41. Qa4 {was necessary.} g5 42. h3) 41... Qc2 42. Qe8+ Kh7 43. Qxf7 a4 (43... Qxf2+ $142 44. Kh3 Qf1+ 45. Kg4 Qd3) 44. Qh5 $2 (44. Nd2) 44... Qxf2+ 45. Kh3 Qf1+ 46. Kg4 Qc4+ 47. Kh3 {intending Qf5+.} Qe6+ 48. Kg2 {Ng5+ is the strong threat.} Be7 49. Qb5 a3 {[%cal Ba4a3,Ba3a2][%mdl 32]} 50. Ne5 (50. Nd2 $142) 50... a2 51. Qd3+ g6 52. Qd4 Bf6 {Precision: White = 36%, Black = 66%.} (52... Qa6 $142 53. Qf4 Bf6 54. Qe4 Bxe5 55. Qxe5 a1=Q 56. Qxa1 Qxa1 57. g4 Qb2+ 58. Kg3 Qe5+ 59. Kf2 Qxh2+ 60. Ke3 Qg3+ 61. Ke4 Qxg4+ 62. Ke5 h5 63. Kd5 h4 64. Ke5 h3 65. Kd5 h2 66. Kc6 h1=Q+ 67. Kd6 Qb7 68. Ke5 Qc7+ 69. Kf6 Qg7#) 0-1

[Event "15th Avicenna Open Masters 2018"]
[Site "Avicenna"]
[Date "2018.08.23"]
[Round "8"]
[White "Sedaghati, Mehrdad"]
[Black "Gara, Ticia"]
[Result "1-0"]
[WhiteElo "2228"]
[BlackElo "2358"]
[Annotator "TA"]
[PlyCount "56"]
[EventDate "2018.08.17"]
[EventType "swiss"]
[EventCountry "IRI"]
[SourceTitle "playchess.com"]
[Source "ChessBase"]
[SourceQuality "1"]

{[%evp 32,56,4,14,4,9,82,77,86,84,93,58,66,60,170,152,212,156,154,147,147,0,0,-9,0,-80,0]} 1. e4 c5 2. Nf3 e6 3. d4 cxd4 4. Nxd4 Nc6 5. Nc3 Qc7 6. Be3 a6 7. Be2 Nf6 8. O-O Bb4 9. Na4 O-O 10. Nxc6 bxc6 11. Nb6 Rb8 12. Nxc8 Rbxc8 13. Bxa6 Rb8 14. Bd3 Bd6 15. h3 Be5 {B49: Sicilian: Taimanov: 5 Nc3 Qc7 6 Be3 a6 7 Be2} 16. b3 (16. a4 Bxb2 17. Ra2 Bc3 18. Bd2 Ba5 19. Qe2 d6 20. Bg5 Nd7 21. Qg4 Kh8 22. h4 Bc3 23. h5 {0-1 (54) Bae,T (2420)-Krejci,J (2503) Olomouc 2012}) 16... Bxa1 17. Qxa1 {LiveBook: 3 Games} e5 {The position is equal.} 18. f4 d6 (18... d5 $11) 19. fxe5 $16 dxe5 20. a4 $146 ({Predecessor:} 20. Rf5 Nd7 21. Qc3 f6 22. a4 Kh8 23. Rf1 {½-½ (86) Aravindh,C (2328)-Harutyunian,T (2359) Kirishi 2013}) 20... Qa5 21. Rf5 {[%mdl 1024] White has strong compensation.} Nd7 22. Bc4 g6 (22... Rb4 $14) 23. Rf2 {Strongly threatening Qf1.} Nc5 (23... Nb6 $16) 24. Qf1 {[%cal Rf2f7]} ({Much less strong is} 24. Qxe5 $6 Qe1+ 25. Kh2 Qxe3 $16) 24... Rb7 25. Bh6 $1 {[%cal Rh6f8]} Nxe4 {[#] aiming for ...Qa7.} 26. Bxf8 $2 ({White must play} 26. Re2 $1 $16 {[%cal Re2e4]} Ng3 27. Qf6) 26... Nxf2 $11 27. Bh6 $1 Ne4 28. Qd3 (28. Kh2 $1 $11 {keeps the balance.} Qc7 {[#]} 29. a5 $1 {[%mdl 512]}) 28... Nf6 {[%mdl 32768] Precision: White = 83%, Black = 37%. . Loss on Time!?} (28... Qe1+ $17 29. Kh2 Qh4) 1-0

[Event "15th Avicenna Open Masters 2018"]
[Site "Avicenna"]
[Date "2018.08.24"]
[Round "9"]
[White "Mosadeghpour, Masoud"]
[Black "Matinian, Nikita"]
[Result "0-1"]
[WhiteElo "2525"]
[BlackElo "2506"]
[Annotator "TA"]
[PlyCount "82"]
[EventDate "2018.08.17"]
[EventType "swiss"]
[EventCountry "IRI"]
[SourceTitle "playchess.com"]
[Source "ChessBase"]
[SourceQuality "1"]

{[%evp 21,82,32,49,0,11,14,8,-13,13,9,9,8,8,8,10,8,20,0,0,0,21,18,17,0,0,0,0,0,0,0,0,0,0,0,0,-70,-79,-54,-59,-53,-69,-80,-77,-79,-86,-85,-44,-83,-68,-76,-64,-217,-218,-212,-205,-210,-212,-197,-181,-352,-343,-323,-284]} 1. e4 e5 2. Nf3 Nc6 3. Bb5 a6 4. Ba4 Nf6 5. O-O Be7 6. Re1 b5 7. Bb3 d6 8. c3 O-O 9. h3 Nb8 10. d4 Nbd7 11. c4 c6 {LiveBook: 158 Games} 12. Be3 {C95: Closed Ruy Lopez: Breyer Variation with 10 d4} bxc4 $146 ({Predecessor:} 12... Bb7 13. Nbd2 c5 14. d5 Nb6 15. Qc2 Bc8 16. a4 bxa4 17. Bxa4 Nxa4 18. Rxa4 Bd7 19. Ra3 Ne8 {1-0 (55) Adhiban,B (2661)-Amin,B (2700) Sharjah 2018}) 13. Bxc4 Nxe4 14. Qc2 {The position is equal.} Nef6 {[%cal Be4f6,Bf6d5,Bd5e3][%mdl 32]} 15. dxe5 Nxe5 16. Nxe5 dxe5 17. Nc3 Nd5 18. Rad1 {[%cal Rc3d5]} Nxe3 19. Bxf7+ Kxf7 20. Rxe3 Qb6 {[#] aiming for ...Kg8.} 21. Qxh7 {And now Rf3+ would win.} Be6 $1 {[%cal Bc8e6,Be6f7,Bf7g6][%mdl 32]} 22. Rf3+ Ke8 {Hoping for ...Rxf3.} 23. Qg6+ Bf7 24. Qxg7 Rd8 {[%cal Ba8d8,Bd8d6,Bd6g6][%mdl 32]} 25. Re1 Rd6 $1 26. Rxe5 {Black must now prevent Ne4.} Rg6 27. Qh7 {Threatens to win with Ref5.} Re6 28. Qe4 (28. Rxe6 $11 Bxe6 29. Qg6+ Bf7 30. Qf5) 28... Bg6 $15 29. Rxf8+ Kxf8 30. Qf3+ Rf6 31. Qe2 Bc5 32. Nd1 Bd4 33. Re6 Qb4 34. Rxf6+ Bxf6 35. b3 Qe4 $36 {[%mdl 2048] Black has the initiative.} 36. Ne3 $2 (36. Qxa6 $15 Qb1 37. Qc8+ Be8 38. Qg4) 36... Qb1+ $19 37. Kh2 Be5+ 38. g3 Be4 {[%csl Ge4][%cal Rb1h1]} 39. Ng2 {[#]} Qd3 $1 40. Qe1 $2 (40. Qg4) 40... c5 41. Ne3 Bd4 {Precision: White = 41%, Black = 78%.} 0-1

[Event "15th Avicenna Open Masters 2018"]
[Site "Avicenna"]
[Date "2018.08.24"]
[Round "9"]
[White "Mousavi, Seyed Khalil"]
[Black "Moradi, Amirmasoud"]
[Result "1-0"]
[WhiteElo "2458"]
[BlackElo "2259"]
[Annotator "TA"]
[PlyCount "124"]
[EventDate "2018.08.17"]
[EventType "swiss"]
[EventCountry "IRI"]
[SourceTitle "playchess.com"]
[Source "ChessBase"]
[SourceQuality "1"]

{[%evp 10,124,35,12,56,57,69,68,69,70,64,70,69,60,65,69,65,52,65,69,69,64,72,60,60,62,50,51,67,54,54,57,61,28,29,29,25,-52,-30,-39,-41,-23,-31,-50,-43,-42,0,-8,14,14,14,14,46,27,66,63,163,164,165,161,188,179,175,150,148,109,96,96,96,96,96,96,96,96,113,118,119,78,102,77,77,78,109,12,11,11,147,147,249,151,133,136,270,206,193,193,608,602,547,330,313,227,639,581,650,650,605,441,5269,5165,5106,5099,5073,5072,1654,4133,1840]} 1. d4 Nf6 2. Bf4 e6 3. e3 Bd6 (3... d5 4. Nd2 Bd6 5. Ngf3 O-O 6. Bd3 c5 7. c3 Nc6 8. Bg3 b6 9. e4 Be7 10. e5 Nh5 11. Nf1 cxd4 12. Nxd4 Nxd4 13. cxd4 g6 14. Ne3 f5 15. exf6 Bxf6 16. Be2 Nxg3 17. hxg3 {½-½ (37) Nakamura,H (2787)-Svidler,P (2760) Moscow 2018}) 4. Bg3 Bxg3 5. hxg3 d5 6. Nd2 {LiveBook: 6 Games. A45: Trompowsky Attack} b6 7. g4 $146 {[%cal Bg3g4,Bg4g5][%mdl 32]} ({Predecessor:} 7. c3 Bb7 8. Ngf3 Nbd7 9. Ne5 Nxe5 10. dxe5 Nd7 11. Nf3 c5 12. Bb5 {½-½ (54) Freundlieb,T (2076)-Goetz,H (2213) Frankenthal 2015}) 7... Bb7 8. g5 {White is slightly better.} Ne4 9. Nxe4 dxe4 10. Qg4 Qe7 11. O-O-O Nd7 12. Bc4 O-O-O 13. Ne2 h6 14. gxh6 gxh6 15. Qh4 Qg5 16. Nf4 e5 17. dxe5 Nxe5 {And now ...Rxd1+ would win.} 18. Be2 Rxd1+ 19. Bxd1 Qg7 20. Be2 Kb8 21. Rh3 Ng6 22. Qg3 Qf6 23. Nh5 (23. Bh5 $11) 23... Qe6 $1 $15 {[%cal Re6a2]} 24. Kb1 Rd8 25. Nf4 Nxf4 26. exf4 {[#]} Ba6 $1 {[%mdl 512] Hoping for ...Rd2.} 27. Bh5 (27. Bxa6 Rd1#) 27... Qd6 {( -> ...Qd1+!)} 28. a3 Qc5 29. Qe3 $36 {[%mdl 2048] aiming for Qxc5. White has the initiative.} Qc4 30. Rh1 Rd6 31. f5 Bc8 32. Be2 Qc5 (32... Qc6 $14) 33. Qxc5 $18 ({Don't play} 33. Qxe4 $6 Bxf5 34. Qe8+ Kb7 $11) 33... bxc5 {[%mdl 4096] Endgame [#] KRB-KRB} 34. g4 $1 Ba6 35. Bxa6 Rxa6 {KR-KR} 36. Re1 Ra4 37. c3 e3 38. f3 {[%cal Bf2f3,Bf3f4][%mdl 32]} h5 39. gxh5 Rh4 40. Rxe3 Rxh5 41. Re5 c4 42. f4 Kb7 43. Ka2 Kc6 44. a4 Kd6 45. Ra5 Rh4 46. Rxa7 (46. Ra6+ $16 Kc5 47. Rxa7) 46... Rxf4 $11 47. Ra5 Rf1 {[#]} (47... c6 $1 $11) 48. Rb5 $1 $16 c6 (48... Kc6 $16 {was called for.} 49. Re5 Rf4) 49. Rb4 $18 Rxf5 50. Rxc4 Rf2 (50... Ra5 $16 {keeps fighting.} 51. Kb3 f6) 51. Ka3 f5 52. a5 {[%cal Ba4a5,Ba5a6,Ba6a7][%mdl 32]} Kc7 $2 (52... Rf1 53. Rd4+ Kc7) 53. Rb4 Rf1 {intending ...Ra1+.} 54. Ka2 Re1 55. a6 Re8 $2 (55... Re2 56. Kb3 Re1 57. Rb7+ Kd6) 56. Rb7+ {White is clearly winning.} Kd6 57. a7 {Threatens to win with Rb8.} Ra8 58. Kb3 Kd5 (58... c5 $142 59. Kc4 Kc6) 59. Kb4 f4 60. Ka5 f3 61. Kb6 Ke6 62. Rh7 Kd5 {Precision: White = 74%, Black = 41%.} 1-0

[Event "15th Avicenna Open Masters 2018"]
[Site "Avicenna"]
[Date "2018.08.24"]
[Round "9"]
[White "Tahbaz, Arash"]
[Black "Asgarizadeh, Ahmad"]
[Result "1/2-1/2"]
[WhiteElo "2449"]
[BlackElo "2416"]
[Annotator "TA"]
[PlyCount "70"]
[EventDate "2018.08.17"]
[EventType "swiss"]
[EventCountry "IRI"]
[SourceTitle "playchess.com"]
[Source "ChessBase"]
[SourceQuality "1"]

{[%evp 33,70,-10,0,0,0,0,0,0,0,0,0,0,0,0,0,0,0,0,0,0,0,0,0,0,0,0,0,0,0,0,0,0,0,0,0,0,0,0,0]} 1. d4 Nf6 2. c4 c5 3. d5 e6 4. Nc3 exd5 5. cxd5 d6 6. Nf3 g6 7. g3 Bg7 8. Bg2 O-O 9. O-O a6 10. a4 Nbd7 11. Nd2 Re8 12. h3 Rb8 13. Nc4 Ne5 14. Na3 Nh5 15. e4 Bd7 16. f4 {A64: Modern Benoni: Fianchetto Variation: 9...Nbd7 10 Nd2 a6 11 a4 Re8} (16. g4 Nf6 17. g5 Nh5 18. f4 b5 19. fxe5 b4 20. Nc4 bxc3 21. bxc3 Bxe5 22. Qf3 f5 23. gxf6 Qxf6 24. Nxe5 Qxe5 {0-1 (60) So,W (2812)-Nakamura,H (2785) Stavanger 2017}) 16... Nxg3 17. fxe5 Bxe5 {LiveBook: 4 Games. The position is equal.} 18. Rf2 {aiming for Qf3.} b5 19. Qf3 {[#] Hoping for axb5.} f5 20. exf5 {[#]} gxf5 $146 ({Predecessor:} 20... Rf8 21. Bf4 Bxf4 22. Qxf4 Nh5 23. Qxd6 b4 24. fxg6 Rxf2 25. gxh7+ {½-½ (38) Maletin,P (2617)-Vocaturo,D (2526) Balaguer 2010}) 21. axb5 axb5 22. Bf4 Qh4 23. Bxe5 Rxe5 24. Kh2 Nh5 $1 {[%cal Rh5f6]} 25. Rg1 Nf6 {[#] Threatens to win with ...Ng4+.} 26. Bf1+ Ng4+ 27. Kh1 Kh8 28. Rfg2 {[%cal Rc3b5]} Qh6 {And now ...Re3 would win.} 29. Nd1 Nf6 30. Rg7 f4 31. Rxd7 Nxd7 32. Nxb5 Rf8 33. Nc7 Rb8 34. Nb5 Rf8 35. Nc7 Rb8 {Precision: White = 98%, Black = 85%.} 1/2-1/2

[Event "15th Avicenna Open Masters 2018"]
[Site "Avicenna"]
[Date "2018.08.24"]
[Round "9"]
[White "Toufighi, Homayoon"]
[Black "Daghli, Arash"]
[Result "1/2-1/2"]
[WhiteElo "2449"]
[BlackElo "2362"]
[Annotator "TA"]
[PlyCount "39"]
[EventDate "2018.08.17"]
[EventType "swiss"]
[EventCountry "IRI"]
[SourceTitle "playchess.com"]
[Source "ChessBase"]
[SourceQuality "1"]

{[%evp 19,39,-44,-36,-44,-13,-22,0,-8,0,-22,-5,-7,-6,-14,-10,-18,-12,-21,-33,-27,-35,-52]} 1. e3 Nf6 2. Nf3 g6 3. b3 Bg7 4. Bb2 c5 5. d4 cxd4 6. exd4 d5 7. Be2 O-O 8. O-O Nc6 9. Nbd2 {A48: 1 d4 Nf6 2 Nf3 g6: Torre, London and Colle Systems} (9. Na3 Bf5 10. Re1 Rc8 11. h3 Qb6 12. c3 Ne4 13. Bd3 e5 14. Nc2 Rfd8 15. Bf1 Nxf2 16. Kxf2 Bxc2 17. Qxc2 Nxd4 18. Nxd4 exd4 {0-1 (24) Ratkovic,M (2407)-Nestorovic,N (2506) Ruma 2017}) 9... Bf5 {[%cal Bc8f5,Bf5e4,Be4d5][%mdl 32]} 10. a3 Ne4 {LiveBook: 4 Games} 11. c4 dxc4 12. Nxc4 Nf6 13. Qd2 $146 ({Predecessor:} 13. Ne3 Be4 14. Ra2 {0-1 (39) Sromovsky,J (2028)-Najgebauer,S (2214) Stara Lubovna 2011}) 13... Be4 14. Rfd1 Bd5 15. b4 a6 16. Rac1 e6 17. Nfe5 Rc8 18. a4 Ne4 19. Qe1 $1 Nd6 20. Bf1 {Precision: White = 19%, Black = 54%.} 1/2-1/2

[Event "15th Avicenna Open Masters 2018"]
[Site "Avicenna"]
[Date "2018.08.24"]
[Round "9"]
[White "Khodashenas, Mersad"]
[Black "Czebe, Attila"]
[Result "0-1"]
[WhiteElo "2440"]
[BlackElo "2411"]
[Annotator "TA"]
[PlyCount "60"]
[EventDate "2018.08.17"]
[EventType "swiss"]
[EventCountry "IRI"]
[SourceTitle "playchess.com"]
[Source "ChessBase"]
[SourceQuality "1"]

{[%evp 21,60,36,51,-56,-63,-72,-80,-104,-59,-50,-39,-47,7,15,0,0,0,-52,16,-84,-14,-246,-184,-479,-475,-656,-653,-637,-629,-848,-604,-1112,-1061,-1006,-619,-596,-584,-29991,-29991,-29991,-29992]} 1. e4 c5 2. Nf3 e6 3. d4 cxd4 4. Nxd4 a6 5. Nc3 Qc7 6. f4 b5 7. Bd3 Bb7 8. Qe2 Nc6 9. Nxc6 Qxc6 10. Bd2 Bc5 11. O-O-O {B47: Sicilian: Taimanov: 5 Nc3 Qc7 6 f4, 6 g3 and 6 Be2} Ne7 {LiveBook: 92 Games} 12. Rhf1 (12. a3 $14) (12. a3 O-O 13. g4 Bd4 14. Rhf1 Rac8 15. Qe1 Qb6 16. Ne2 Be3 17. Ng3 Bxd2+ 18. Qxd2 a5 {½-½ (38) Quesada Perez,Y (2627)-Le,Q (2737) chess.com INT 2018}) 12... b4 $15 13. Nb1 {Black is slightly better.} O-O 14. f5 $146 ({Predecessor:} 14. Rf3 f5 15. Re1 a5 16. Rh3 Rac8 17. exf5 Nxf5 18. Qh5 h6 {0-1 (39) Arun,K (2289)-Konguvel,P (2416) Bhiwani 2010}) 14... f6 15. Qh5 Rf7 16. Rf3 g6 (16... Rc8 $15 17. Rh3 g6) 17. fxg6 $11 Nxg6 18. Rdf1 Bf8 {With the idea ...Ne5.} 19. Rg3 (19. Bh6 $11) 19... Rc8 (19... a5 $15) 20. h4 {[#]} (20. a3 $1 $11 {remains equal.}) 20... Qc7 ({Better is} 20... a5 $1 $17 {Threatens to win with ...Ba6.} 21. e5 (21. Qxa5 Bd6 $17) 21... f5) 21. Rff3 $2 (21. Bf4 $1 $11 Qc5 22. Qxc5 Rxc5 23. Nd2) 21... Bg7 $36 {[%mdl 2048] Keeping White busy.} 22. Bxb4 $2 {[#]} (22. Bh6 {was worth a try.}) 22... Nf4 $1 $19 {[%cal Rf4d3]} 23. Rxg7+ Rxg7 24. Rxf4 Qxf4+ 25. Nd2 d5 {[%cal Bd7d5,Bd5e4,Be4e3,Be3e2][%mdl 32]} 26. Bc3 dxe4 27. Bc4 e3 28. Bxe6+ Kh8 29. Nb3 Qf1+ 30. Qd1 e2 {Precision: White = 27%, Black = 63%.} 0-1

[Event "15th Avicenna Open Masters 2018"]
[Site "Avicenna"]
[Date "2018.08.24"]
[Round "9"]
[White "Molaei, Mohammadamin"]
[Black "Salar, Milad"]
[Result "1-0"]
[WhiteElo "2377"]
[BlackElo "2247"]
[Annotator "TA"]
[PlyCount "83"]
[EventDate "2018.08.17"]
[EventType "swiss"]
[EventCountry "IRI"]
[SourceTitle "playchess.com"]
[Source "ChessBase"]
[SourceQuality "1"]

{[%evp 25,83,13,7,13,8,3,6,0,8,-1,0,0,32,28,35,37,35,40,85,80,90,79,119,119,148,123,106,104,101,9,20,8,7,19,139,102,499,484,494,162,144,117,29976,29977,5377,127,862,595,498,200,1870,1845,1628,1636,29979,738,2057,856,1307,1216]} 1. d4 Nf6 2. c4 g6 3. Nc3 d5 4. Bg5 Ne4 5. Bh4 Nxc3 6. bxc3 dxc4 7. e3 {[%cal Be2e3,Be3e4,Be4d5][%mdl 32]} Be6 8. Nf3 Bg7 9. Be2 O-O {D91: Grünfeldindisch (5.Lg5)} 10. O-O Nd7 {[%cal Bb8d7,Bd7b6,Bb6c8,Bc8d6][%mdl 32]} 11. Ng5 (11. Qc2 Nb6 12. Rfb1 Qd7 13. Bg3 Qa4 14. Qc1 Rfc8 15. Bd1 Qd7 {½-½ (29) Mchedlishvili,M (2604)-Salgado Lopez,I (2651) Izmir 2016}) 11... Bd5 12. e4 h6 13. exd5 hxg5 {LiveBook: 6 Partien} 14. Bxg5 Nb6 15. Qd2 Re8 16. Rfe1 Rb8 17. a4 {[%cal Ba2a4,Ba4a5][%mdl 32]} Qxd5 18. a5 $146 {Lf3 ist eine echte Drohung.} Nc8 19. Bf3 Qd7 20. h4 Nd6 21. h5 e6 22. hxg6 fxg6 23. Bf4 Rbd8 24. Rab1 b5 25. Bxd6 Qxd6 26. Rxb5 {Und weiter mit Dg5 wäre nett.} c6 27. Rg5 (27. Rb4 $16) 27... e5 $11 {zielt auf ...Lh6 ab.} 28. Qa2 exd4 {[%cal Re8e1]} 29. Qxc4+ Kh7 (29... Kh8 $11 {bleibt in der Remisbreite.} 30. Rf1 Qe6 31. Qxc6 dxc3) 30. Re4 Rxe4 $4 {[%mdl 8192]} (30... Qf6 $16 {leistet mehr Widerstand.} 31. Rg3 Bh6) 31. Bxe4 $18 Qf4 32. Rh5+ $2 (32. Bxg6+ Kh6 33. Rf5 (33. Rg3 Qc1+ 34. Kh2 Be5 $11)) 32... Bh6 33. Qe6 Qc1+ $2 {[%mdl 8192]} (33... Rd6 $16 34. Qe7+ Kg8) 34. Kh2 Qf4+ {[#]} 35. Kh3 $2 (35. g3 $1 $18 {und der Rest ist Schweigen.} Qxf2+ 36. Kh3 Qf1+ 37. Kh4) 35... Rg8 $2 {[%mdl 8192]} (35... Rd6 $16 36. Qe7+ Kg8) 36. g3 Qf8 37. cxd4 $40 {[%mdl 128] Weiss geht auf den König.} (37. Qd7+ $142 Rg7 38. Qxd4) 37... Rg7 $2 (37... Qc8 38. Re5 Qxe6+ 39. Rxe6 Bd2 40. Rxc6 (40. Bxc6 Bxa5 41. d5 Rf8 $18) 40... Bxa5) 38. Kg2 {Weiss will mit Txh6+! Matt setzen.} Rg8 39. Qxc6 Qe8 40. Qd5 (40. Qc7+ $142 Rg7 41. Qf4 Kg8 42. Rxh6 Qe6 43. Qb8+ Kf7 {[#]} 44. Bxg6+ $1 {[%mdl 512]} Qxg6 45. Qxa7+ Ke8 46. Qb8+ Kf7 47. Rxg6 Rxg6 48. d5) 40... Rg7 41. Rh4 (41. g4 $142 Rd7 42. Qc6) 41... Rd7 {[#]} 42. Bxg6+ $1 {[%mdl 512] Precision: Weiß = 40%, Schwarz = 27%.} 1-0

[Event "15th Avicenna Open Masters 2018"]
[Site "Avicenna"]
[Date "2018.08.24"]
[Round "9"]
[White "Rastbod, Ali"]
[Black "Sedaghati, Mehrdad"]
[Result "0-1"]
[WhiteElo "2311"]
[BlackElo "2228"]
[Annotator "TA"]
[PlyCount "122"]
[EventDate "2018.08.17"]
[EventType "swiss"]
[EventCountry "IRI"]
[SourceTitle "playchess.com"]
[Source "ChessBase"]
[SourceQuality "1"]

{[%evp 24,122,44,33,51,58,65,65,66,65,65,65,65,65,65,65,65,65,66,60,85,82,89,75,90,71,78,83,79,71,83,69,71,56,64,41,35,28,25,-38,-68,-50,-66,-192,-190,-179,-190,-247,-250,-237,-219,-286,-282,-309,-302,-379,-373,-390,-301,-452,-449,-442,-430,-410,-404,-600,-590,-755,-481,-625,-475,-475,-469,-460,-460,-454,-446,-429,-407,-445,-227,-218,-191,-279,-275,-272,-268,-268,-233,-233,-222,-218,-218,-218,-215,-491,-486,-620,-607,-583,-576]} 1. d4 Nf6 2. c4 e6 3. g3 d5 4. Bg2 Be7 5. Nf3 O-O 6. O-O dxc4 7. Ne5 Nc6 8. Nxc6 bxc6 9. Na3 Bxa3 10. bxa3 Nd5 11. Qa4 Nb6 12. Qa5 {E05: Open Catalan: 5 Nf3 Be7} Bb7 13. Rd1 {[%mdl 1024] LiveBook: 11 Games. White has compensation.} Qd7 14. a4 {White is slightly better.} Rfb8 {[#] White should prevent ...c5!} 15. Ba3 $146 ({Predecessor:} 15. Bf4 Nd5 16. Bd2 Qc8 17. e4 Nb6 18. Bf4 h6 19. h4 Qd7 {1-0 (45) Andersen,M (2586)-Taylor,A (2265) Helsingor 2017}) 15... h6 16. Bc5 Qe8 17. e3 Bc8 18. Rac1 Bd7 19. h4 Qc8 20. Bf3 Be8 21. Kg2 f5 22. Ba3 Bd7 23. Re1 Qe8 24. Qe5 Nxa4 25. Qxc7 Nb6 26. Qd6 Rb7 27. e4 Qf7 28. Rc3 Rc8 29. exf5 exf5 30. Rce3 {Hoping for Re7.} Qf6 ({Don't go for} 30... Nd5 $2 {[#]} 31. Re7 $1 $18 {[%mdl 512]}) 31. Qb4 ({White should play} 31. Re5 $11) 31... f4 $15 32. Re5 fxg3 33. fxg3 {[#]} (33. Kxg3 $15 Qg6+ 34. Kh2) 33... Bh3+ $1 $19 {[%mdl 512]} 34. Kxh3 Qxf3 35. Re8+ (35. Bc1 $142) 35... Rxe8 36. Rxe8+ Kh7 37. Qf8 Qxf8 38. Rxf8 {[%mdl 4096] Endgame KRB-KRN} c3 39. Bc1 Nd5 40. Rc8 Rb6 41. h5 (41. Kg2 $142) 41... c2 42. Bd2 Nb4 43. a3 Nd3 44. d5 (44. Kg2 $142 Rb2 45. Kf3) 44... c5 {aiming for ...Rf6.} 45. Rc6 Rb7 46. a4 c1=Q 47. Bxc1 Nxc1 48. Rxc5 {KRN-KR} Nd3 49. Rc6 Ne5 50. Re6 Nd7 51. Re7 Kg8 (51... Nc5 $142 52. Rxb7 Nxb7) 52. d6 Kf8 53. a5 (53. g4 $142) 53... a6 54. g4 Nc5 55. Rc7 Rb5 56. d7 {[%cal Rd7d8]} Ne6 57. Rc6 Ng5+ 58. Kg3 Rd5 59. Rc8+ $2 (59. Rxa6 {was worth a try.} Ke7 60. Kf2) 59... Ke7 {Black is clearly winning.} 60. Rg8 Ne6 61. Ra8 Rxa5 {Precision: White = 50%, Black = 73%.} 0-1